50 Movies That End in 'E' Quiz Stats

 Plays Quiz Updated Nov 8, 2017

Score 0/50 Timer 13:00
1 Play Today
Hint Film % Correct
Don't you ever tell Kevin Bacon he can't dance.Footloose
88.5%
Man dresses as woman to spend
time with his children.
Mrs. Doubtfire
82.2%
Indian boy recounts life while answering
questions on a game show.
Slumdog Millionaire
81.4%
Pig herds sheep.Babe
79.4%
Boy sees dead people.The Sixth Sense
78.9%
Rat can cook.Ratatouille
78.5%
Garbage-compacting robot loves 'Hello, Dolly!'WALL-E
78.4%
Orphan girl sings about a better tomorrow.Annie
78.4%
Two women drive off a cliff.Thelma & Louise
77.9%
Pesci and Stern pick the wrong house to rob.Home Alone
77.6%
Tom Hanks, Meg Ryan,
and the Empire State Building.
Sleepless in Seattle
75.5%
Bullock adopts future NFL player.The Blind Side
72.8%
Bond is formed between prison guards
and inmates on death row.
The Green Mile
72.1%
Cruise is a spy.
Mission Impossible
71.4%
You'll finally know what 'Rosebud' is.Citizen Kane
70.2%
Nice girl likes bad boy. Bad boy likes bad girls.
Girl conforms. Everyone sings.
Grease
67.9%
Angel shows man what life would have
been like if he never existed.
It's a Wonderful Life
67.5%
Woman seduces young man,
but he'd rather be with her daughter.
The Graduate
67%
Scottish Pixar film.Brave
66.6%
Golfer gets beat up by Bob Barker.Happy Gilmore
65.6%
A classic fairy tale, with swordplay, giants, an evil prince, a beautiful princess, and yes, some kissing.The Princess Bride
64.3%
Kareem Abdul-Jabbar is a pilot.Airplane!
62.8%
Girl is maniac on the floor.Flashdance
62.3%
Boy loses horse, enlists in army to find him.War Horse
61.6%
The Disney version of [King] Arthur's story.The Sword in the Stone
61.3%
Hint Film % Correct
Four teenage boys enter a pact to lose their virginity by prom night. American Pie
61%
VW road trip to the beauty pageant.Little Miss Sunshine
60.1%
Snipes defends world as a half-vampire.Blade
59.9%
First of 12 (animated) movies following
dinosaurs' adventures.
The Land Before Time
55.8%
Pattinson fights boggarts and dragons
in the Triwizard Tournament.
Harry Potter and the Goblet of Fire
55.1%
Paltrow acts like a man and pleases the Academy.Shakespeare in Love
54.4%
One-armed man kills woman,
but the husband gets arrested.
The Fugitive
54.2%
They rob banks.Bonnie and Clyde
48.9%
Ryder says his name three times.Beetlejuice
48.9%
'Two' obsessed magicians hate each other.The Prestige
47.9%
Double agent 006 double-crosses 007.Goldeneye
45%
Don't get serious with Roberts unless
you own some track shoes.
Runaway Bride
44.9%
Tautou finds love in Paris.Amélie
41.1%
Penniless writer and courtesan fall in love
in 1900's Paris.
Moulin Rouge!
34.6%
Young, death-obsessed boy meets lively old woman.Harold And Maude
30.9%
Beethoven has never sounded so disturbing.A Clockwork Orange
28.3%
Eastwood protects president against Malkovich.In the Line of Fire
27.7%
They have no stinkin' badges,
and they don't need 'em.
The Treasure of the Sierra Madre
27.5%
Best Picture winner about a girl who will
stop at nothing for fame.
All About Eve
26.2%
Lesser Hoffman wins Oscar.Capote
26.1%
Davis and Crawford are loving sisters.What Ever Happened to Baby Jane?
25.4%
Man in love with one woman accidentally
marries a dead one.
Corpse Bride
24.9%
Nolte and Penn in the conflict at Guadalcanal
during the second World War.
The Thin Red Line
24.4%
Day-Lewis, Dench, Cotillard, Cruz,
Hudson, Fergie, and Loren sing.
Nine
21.9%
Spielberg's film is nominated for 11 Oscars...
wins none.
The Color Purple
18%

You're not logged in!

Compare scores with friends on all Sporcle quizzes.
OR
Log In

Sporcle TV

Today on Sporcle TV


Watch our educational content, quiz creation guides, and fun videos on Sporcle TV.

Show Comments

Extras

Top Quizzes Today


Score Distribution

Your Account Isn't Verified!

In order to create a playlist on Sporcle, you need to verify the email address you used during registration. Go to your Sporcle Settings to finish the process.

Report this User

Report this user for behavior that violates our Community Guidelines.

Details: